00369nam a2200097Ia 4500008004000000082001600040100002800056245011300084260006700197300000700264210210b2000 xxu||||| |||| 00| 0 eng d a370.19 JEYE aJEYASEKARAN (TAmbrose). aEducational policies of protestant christian missions in south india till the end of the nineteenth century. aNDbAll India Association For Christian Higher Educationc2000 a89